Представление документа в формате MARC21

Поле Инд. ПП Название Значение
Тип записи a
Библиографический уровень m
001 Контрольный номер 5648e6a1-810c-4ef5-bb12-fed1764539a9
005 Дата корректировки 20131111200616.8
008 Кодируемые данные 000201 d
020 a ISBN 5-89415-028-0
040 a Служба первич. каталог. НБ ТвГУ
041 a Код языка текста rus
080 a Индекс УДК 332(470)(091)"18/19"
084 a Индекс другой классификации/Индекс ББК Т3(2)52-21
090 a Полочн. индекс Т3(2)52
x Авторский знак Г61
c Каталожный индекс Т3(2)52-21
100 1_ a Автор Головатенко Анатолий Ю
q Полное имя Анатолий Головатенко
245 0_ a Заглавие Аграрный вопрос в России. Конец XIX - начало XX века
b Продолж. заглавия материалы к урокам истории в старших классах : (пособие для учителя)
c Ответственность М-во общ. и проф. образования РФ
260 0_ a Место издания Москва
b Издательство АРКТИ
c Дата издания 1997
300 a Объем 68,[1] с.
440 a Серия Методическая библиотека
a Серия История
504 a Библиография Указ. собств. имен и назв.: с. 65-68
650 a Основная рубрика Россия
x Основная подрубрика Аграрные отношения
x Основная подрубрика История
y Хронологическая подрубрика 19 в.
y Хронологическая подрубрика 20 в.
653 a Ключевые слова Аграрная политика в России
a Ключевые слова Аграрный вопрос в России
a Ключевые слова Деревня в России
a Ключевые слова История в школе
a Ключевые слова История России
a Ключевые слова Методика
a Ключевые слова Преподавание истории
a Ключевые слова Россия
a Ключевые слова Столыпинская реформа
930 a Новая/Ретро методика
954 a Дата поступления на обработку 19990602
999 a Подразделение 2 Каб.УиС